<?xml version="1.0" encoding="UTF-8"?>
<marc:record xmlns:marc="http://www.loc.gov/MARC21/slim">
   <marc:leader>00000nam a2200000 a 4500</marc:leader>
   <marc:datafield ind1="1" ind2=" " tag="100">
      <marc:subfield code="a">Huls, Bert</marc:subfield>
      <marc:subfield code="4">ctb</marc:subfield>
      <marc:subfield code="e">Mitwirkende/-r</marc:subfield>
   </marc:datafield>
   <marc:datafield ind1="1" ind2=" " tag="100">
      <marc:subfield code="a">Kullmann, Folko</marc:subfield>
      <marc:subfield code="4">ctb</marc:subfield>
      <marc:subfield code="e">Mitwirkende/-r</marc:subfield>
   </marc:datafield>
   <marc:datafield ind1=" " ind2=" " tag="653">
      <marc:subfield code="a">Gartengestaltung</marc:subfield>
   </marc:datafield>
   <marc:datafield ind1=" " ind2=" " tag="653">
      <marc:subfield code="a">Ratgeber</marc:subfield>
   </marc:datafield>
   <marc:datafield ind1="0" ind2="0" tag="245">
      <marc:subfield code="a">Gartengestaltung</marc:subfield>
   </marc:datafield>
   <marc:datafield ind1="0" ind2="0" tag="245">
      <marc:subfield code="b">das große Handbuch</marc:subfield>
   </marc:datafield>
   <marc:datafield ind1="0" ind2="0" tag="245">
      <marc:subfield code="c">Bert Huls. [Aus dem Niederländ. übers. von Martina den Hertog-Vogt. Für die dt. Ausg. überarb. von Folko Kullmann</marc:subfield>
   </marc:datafield>
   <marc:datafield ind1=" " ind2="1" tag="264">
      <marc:subfield code="a">München</marc:subfield>
      <marc:subfield code="b">Callwey</marc:subfield>
      <marc:subfield code="c">2011</marc:subfield>
   </marc:datafield>
   <marc:datafield ind1="1" ind2=" " tag="520">
      <marc:subfield code="a">Angaben aus der Verlagsmeldung

Gartengestaltung - Das große Handbuch : Design, Gartenelemente, Pflanzen und Gartenstil Bert Huls, Encyclopedia of Garden Design / von Bert Huls

Das große Buch der Gartengestaltung bietet vielfältige Inspirationen und weist den Weg zu unterschiedlichen Gartenstilen. Die Anlage eines Gartens ist eine tief greifende Erfahrung und muss von Anfang an gelingen, denn größere Fehler lassen sich nicht so einfach beheben. Bert Huls zeigt mit seinem genialen Vier-Punkte-System „Inspiration – Gartenstile – Pläne – Pflanzen“, wie man einen Garten richtig anlegt. Skizzen, Pläne, Pflanzlisten und nachvollziehbare Ideen erleichtern es dem Gartenbesitzer, elementare Fehler zu vermeiden. Zahlreiche Projekte, Schritt-für-Schritt-Anleitungen und über 650 Abbildungen sorgen dafür, dass Planung und Anlage auch einem Laien gelingen und am Ende der Wunsch in Erfüllung geht: Ein traumhaft schöner Garten zum Genießen.
</marc:subfield>
   </marc:datafield>
   <marc:datafield ind1=" " ind2=" " tag="020">
      <marc:subfield code="a">9783766718778</marc:subfield>
      <marc:subfield code="9">9783766718778</marc:subfield>
   </marc:datafield>
   <marc:datafield ind1=" " ind2=" " tag="300">
      <marc:subfield code="a">351 S.</marc:subfield>
   </marc:datafield>
</marc:record>
